Měření uhlíkové stopy je zatím téma spíše pro větší klienty
ESG je jednou z hlavných oblastí, ktoré budú formovať bankovníctvo a finančný svet nielen v roku 2025, ale aj v nadchádzajúcich rokoch. Anketa, do akej miery táto politika ovplyvňuje fungovanie v rámci financovania projektov.
Guardado en:
| Formato: | Capítulo de libro |
|---|---|
| Lenguaje: | checo |
| Materias: | |
| Etiquetas: |
Sin Etiquetas, Sea el primero en etiquetar este registro!
|
MARC
| LEADER | 00000naa a2200000 4500 | ||
|---|---|---|---|
| 001 | 0307915 | ||
| 005 | 20250331120103.2 | ||
| 041 | 0 | |a cze | |
| 044 | |a CZ | ||
| 245 | 1 | 0 | |a Měření uhlíkové stopy je zatím téma spíše pro větší klienty |
| 520 | |a ESG je jednou z hlavných oblastí, ktoré budú formovať bankovníctvo a finančný svet nielen v roku 2025, ale aj v nadchádzajúcich rokoch. Anketa, do akej miery táto politika ovplyvňuje fungovanie v rámci financovania projektov. | ||
| 610 | 2 | 0 | |a bankovníctvo |
| 610 | 2 | 0 | |a sektor finančný |
| 610 | 2 | 0 | |a ESG |
| 610 | 2 | 0 | |a stopa uhlíková |
| 610 | 2 | 0 | |a financovanie projektové |
| 610 | 2 | 0 | |a firmy |
| 610 | 2 | 0 | |a ankety |